Fiber optics : Technology and appications

Salvato in:
Dettagli Bibliografici
Autore principale: Personick, Stewart D.
Natura: Libro
Lingua:Undetermined
Pubblicazione: New York Plenum 1985
Soggetti:
Tags: Aggiungi Tag
Nessun Tag, puoi essere il primo ad aggiungerne! !
Thư viện lưu trữ: Trung tâm Học liệu Trường Đại học Cần Thơ
LEADER 00500nam a2200193Ia 4500
001 CTU_97591
008 210402s9999 xx 000 0 und d
082 |a 621.3692 
082 |b P467 
100 |a Personick, Stewart D. 
245 0 |a Fiber optics : 
245 0 |b Technology and appications 
245 0 |c Stewart D. Personick 
260 |a New York 
260 |b Plenum 
260 |c 1985 
650 |a Fiber optics 
904 |i Trúc 
980 |a Trung tâm Học liệu Trường Đại học Cần Thơ